The Year Book of Pediatrics 1971.
Enregistré dans:
| Format: | Sách giấy |
|---|---|
| Langue: | English |
| Publié: |
Chicago :
Year Book Medical Publishers,
1971.
|
| Tags: |
Ajouter un tag
Pas de tags, Soyez le premier à ajouter un tag!
|
| Thư viện lưu trữ: | Thư viện Trường Đại học Đà Lạt |
|---|
| LEADER | 00568nam a2200253 4500 | ||
|---|---|---|---|
| 001 | DLU100108505 | ||
| 005 | ##2010061 | ||
| 040 | # | # | |a DLU |b vie |
| 041 | # | # | |a eng |
| 044 | # | # | |a us |
| 082 | # | # | |a 618.92 |b Yea |
| 245 | # | # | |a The Year Book of Pediatrics 1971. |
| 260 | # | # | |a Chicago : |b Year Book Medical Publishers, |c 1971. |
| 300 | # | # | |a 520 p. ; |c 20 cm. |
| 923 | # | # | |a 100/2010 |
| 992 | # | # | |a 0 |
| 994 | # | # | |a DLU |
| 900 | # | # | |a True |
| 911 | # | # | |a Lý Thị Hồng Hạnh |
| 925 | # | # | |a G |
| 926 | # | # | |a A |
| 927 | # | # | |a SH |
| 980 | # | # | |a Thư viện Trường Đại học Đà Lạt |